| 000 | 00880nam a2200253 a 4500 | ||
|---|---|---|---|
| 005 | 20250613115848.0 | ||
| 010 | _aENG-145353 | ||
| 020 |
_a9789352300860 _c350.00 |
||
| 035 | _aEN-128885 | ||
| 037 | _bDBAD | ||
| 082 | _a613.07 | ||
| 100 |
_aMatad, Vishwanatha _981998 |
||
| 245 |
_aMedicomarketing Writing: A Career for Health Science Students _cVishwanatha Matad [and] Anusuya Dharman _bA Career for Health Science Students/ |
||
| 250 | _a1 | ||
| 260 |
_aHyderabad _bPharmaMed Press _c2016 |
||
| 270 |
_a4-4-316, Giriraj Lane, Sultan Bazar, _bHyderabad _e500095 |
||
| 300 |
_axv, 197p. _c23m(pb) |
||
| 650 |
_aPharmacokinetics. _981999 |
||
| 650 |
_aDrugs _xMetabolism. _982000 |
||
| 650 |
_aBiopharmaceutics. _982001 |
||
| 650 |
_aPharmaceutical chemistry. _982002 |
||
| 700 |
_aDharman, Anusuya _eAuthor _982003 |
||
| 942 |
_2ddc _cEN _mMAT _h615.07 |
||
| 999 |
_c211790 _d211790 |
||